000 00558nam a22001937a 4500
003 OSt
005 20140310182214.0
008 130906t xxu||||| |||| 00| 0 eng d
020 _a0445041544
050 _aRE 51
_b.B533 1974
082 _aHS 617.77
_bB46 1974
100 _aBerrett- Rosanes, Marilyn B
_916908
245 _aDo you really need eyeglasses /
_cMarilyn B. Rasanes-Berrett.
260 _aNew York :
_bHart Publishing Company, Inc,
_c1974.
300 _a126 p. ;
_bill. ;
_c18 cm.
650 _aFiction
_9746
942 _2lcc
_cHS
999 _c10541
_d10541